The United Nations decade of international law : reflections of international dispute settlement

Bibliographic Details
Main Authors: Brus, Marcel , 1959- (Author), Muller, Sam , 1964- (Author), Weimers, Serv , 1967- (Author)
Format: Book
Published: Dordrecth : Martinus Nijhoff , c1991
Subjects:

MARC

LEADER 00000cam a2200000 7i4500
001 0000007203
005 20200810093000.0
008 021119n
020 |a 0792312201 
090 0 0 |a JX4473   |b U54 1991 
245 0 4 |a The United Nations decade of international law :   |b reflections of international dispute settlement   |c edited by Marcel Brus, Sam Muller, Serv Weimers 
260 2 |a Dordrecth :   |b Martinus Nijhoff ,   |c c1991 
300 |a viii, 160 p. ;   |c 25 cm. 
504 |a Includes index 
650 0 |a Pacific settlement of international disputes 
700 1 |a Brus, Marcel ,   |d 1959- ,   |e author 
700 1 |a Muller, Sam ,   |d 1964- ,   |e author 
700 1 |a Weimers, Serv ,   |d 1967- ,   |e author 
999 |a 1000022076   |b Book   |c OPEN SHELF (30 DAYS)   |e Gong Badak Campus